| 000 | 00791nam a22002417a 4500 | ||
|---|---|---|---|
| 003 | 0 | ||
| 005 | 20250925082909.0 | ||
| 008 | 250925b xxu||||| |||| 00| 0 eng d | ||
| 020 | _a978-1-266-15664-9 | ||
| 050 |
_aTS 155 _b.C33 2024 |
||
| 100 |
_aCachon, Gerard, _eauthor. |
||
| 245 |
_aMatching supply with demand : _ban introduction to operations management / _cGerard Cachon and Christian Terwiesch. |
||
| 250 | _aFifth edition. | ||
| 260 |
_aNew York, NY : _bMcGraw Hill LLC, _c2024. |
||
| 300 |
_axviii, 520 pages : _billustrations ; _c26 cm. |
||
| 504 | _aIncludes index. | ||
| 650 | _aProduction management. | ||
| 650 | _aOperations management. | ||
| 650 | _aSupply and demand. | ||
| 650 | _aBusiness logistics. | ||
| 700 |
_aTerwiesch, Christian, _eauthor. |
||
| 942 |
_2lcc _cBK |
||
| 999 |
_c368087 _d368087 |
||